States Bordering Tennessee Quiz Stats

 Plays Quiz not verified by Sporcle

Challenge
Share
Tweet
Score 0/8 Timer 02:00
0 Plays Today
Hint Answer % Correct
3.Kentucky
97.9%
1.Arkansas
95.8%
4.North Carolina
93.8%
5.Virginia
93.8%
7.Alabama
93.8%
8.Mississippi
93.8%
2.Missouri
91.7%
6.Georgia
91.7%

You're not logged in!

Compare scores with friends on all Sporcle quizzes.
Join for Free
OR
Log In

You Might Also Like...

Show Comments

Extras

Top Quizzes Today


Score Distribution

Your Account Isn't Verified!

In order to create a playlist on Sporcle, you need to verify the email address you used during registration. Go to your Sporcle Settings to finish the process.

Report this User

Report this user for behavior that violates our Community Guidelines.

Details: